BIBLIOTECA

SENCICO

Métodos para la rehabilitación de personas alcohólicas y drogadictas (Registro nro. 3257)

Detalles MARC
000 -LEADER
fixed length control field 00681nam a2200169Ia 4500
005 - DATE AND TIME OF LATEST TRANSACTION
control field 20251020182608.0
008 - FIXED-LENGTH DATA ELEMENTS--GENERAL INFORMATION
fixed length control field 200515s9999 xx 000 0 und d
082 ## - DEWEY DECIMAL CLASSIFICATION NUMBER
Classification number SC/616-085:178/S16
100 ## - MAIN ENTRY--PERSONAL NAME
Personal name SHAHANDEH, Behrouz
245 #0 - TITLE STATEMENT
Title Métodos para la rehabilitación de personas alcohólicas y drogadictas
260 ## - PUBLICATION, DISTRIBUTION, ETC.
Date of publication, distribution, etc. 1988
300 ## - PHYSICAL DESCRIPTION
Extent 106
520 ## - SUMMARY, ETC.
Summary, etc. Examina el complejo problema de la rehabilitación de las personas alcohólicas toxicómanas, así como su reinserción en la vida socio económica. Así mismo se realiza una detallada descripción de los enfoques multisectoriales para la planificación
650 ## - SUBJECT ADDED ENTRY--TOPICAL TERM
Topical term or geographic name entry element ALCOHOLISMO
650 ## - SUBJECT ADDED ENTRY--TOPICAL TERM
Topical term or geographic name entry element DROGADICCION
942 ## - ADDED ENTRY ELEMENTS (KOHA)
Koha item type Libros
Existencias
Fecha de la última vez que lo usaron Pago total Signatura topográfica completa Código de barras Precio efectivo desde Tipo de documento Estado perdido Estado dañado No es para préstamo Retirado Ubicación permanente Ubicación actual Fecha de adquisición
15/05/2020   SC/616-085:178/S16 Bib-Lima15053257 15/05/2020 Libros         Biblioteca Central Lima Biblioteca Central Lima 15/05/2020